[Event "Regionalliga SW 1718 (Women)"]
[Site "Germany"]
[Date "2017.12.17"]
[Round "3.4"]
[White "Alt, Barbara"]
[Black "Ziegler, Sabine"]
[Result "1-0"]
[WhiteElo "1508"]
[BlackElo "1338"]
[PlyCount "169"]
[EventDate "2017.10.15"]
[EventType "team-tourn"]
[EventRounds "5"]
[EventCountry "GER"]
[SourceTitle "CBM 183 Extra"]
[Source "ChessBase"]
[SourceDate "2018.04.19"]
[SourceVersion "1"]
[SourceVersionDate "2018.04.19"]
[SourceQuality "1"]
[WhiteTeam "Riegelsberg (W)"]
[BlackTeam "Birkenfeld (W)"]
[WhiteTeamCountry "GER"]
[BlackTeamCountry "GER"]

1. e4 d6 2. d4 Nf6 3. Nc3 g6 4. Be3 Bg7 5. Be2 0-0 6. g4 c6 7. h4 Qd7 8. f3 h5 9. g5 Nh7 10. Qd2 b5 11. a3 a5 12. Nh3 Ba6 13. b4 a4 14. 0-0-0 Rd8 15. f4 e5 16. dxe5 dxe5 17. Qxd7 Rxd7 18. f5 Nf8 19. fxg6 fxg6 20. Bc5 Bc8 21. Ng1 Rxd1+ 22. Nxd1 Nbd7 23. Bd6 Ne6 24. Nf3 Bb7 25. Nf2 Nd4 26. Nxd4 exd4 27. Bd3 Bf8 28. Bxf8 Rxf8 29. Nh3 Ne5 30. Re1 Nf3 31. Rf1 Bc8 32. Nf2 Nxh4 33. e5 Nf5 34. Ne4 Kg7 35. Kd2 Ne3 36. Rxf8 Kxf8 37. c3 Nf5 38. Nf6 dxc3+ 39. Kxc3 Be6 40. Nh7+ Ke7 41. Nf6 Kd8 42. Ne4 Ne7 43. Nc5 Bf5 44. Bxf5 Nxf5 45. Ne6+ Ke7 46. Nf4 h4 47. Kd3 Kf7 48. Ke4 h3 49. Nxh3 Ng3+ 50. Kd4 Ke6 51. Kc5 Ne4+ 52. Kxc6 Nc3 53. Nf4+ Kxe5 54. Nxg6+ Kf5 55. Ne7+ Kxg5 56. Nd5 Nb1 57. Kxb5 Nxa3+ 58. Kxa4 Nc4 59. Kb5 Na3+ 60. Kc5 Kf5 61. Nb6 Ke6 62. Nc4 Nxc4 63. Kxc4 Kd6 64. Kb5 Kc7 65. Ka6 Kb8 66. b5 Ka8 67. b6 Kb8 68. b7 Kc7 69. Ka7 Kc6 70. b8Q Kc5 71. Qb7 Kd4 72. Qc6 Ke5 73. Kb6 Kd4 74. Kb5 Ke5 75. Kc5 Kf5 76. Qd6 Ke4 77. Kc4 Kf5 78. Kd4 Kg4 79. Qe5 Kf3 80. Kd3 Kg4 81. Ke3 Kh4 82. Qf5 Kg3 83. Qf4+ Kh3 84. Qg5 Kh2 85. Kf3 1-0

[Event "Regionalliga SW 1516 (Women)"]
[Site "Germany"]
[Date "2016.01.10"]
[Round "3.3"]
[White "Alt, Barbara"]
[Black "Mueller, Liliane"]
[Result "1/2-1/2"]
[WhiteElo "1352"]
[BlackElo "1587"]
[PlyCount "64"]
[EventDate "2015.09.27"]
[EventType "team-tourn"]
[EventRounds "5"]
[EventCountry "GER"]
[SourceTitle "EXT 2018"]
[Source "ChessBase"]
[SourceDate "2017.10.13"]
[SourceVersion "1"]
[SourceVersionDate "2017.10.13"]
[SourceQuality "1"]
[WhiteTeam "Riegelsberg (W)"]
[BlackTeam "Neuperlach (W)"]
[WhiteTeamCountry "GER"]
[BlackTeamCountry "GER"]

1. b3 Nf6 2. Bb2 e6 3. e3 d5 4. Nf3 Bd6 5. Be2 c5 6. c4 Nc6 7. cxd5 exd5 8. h3 0-0 9. 0-0 Re8 10. d4 cxd4 11. exd4 Bf5 12. Nc3 a6 13. Bd3 Qd7 14. Rc1 Re7 15. Na4 Bxd3 16. Qxd3 Rae8 17. a3 h6 18. Nh4 Re4 19. Nf3 Bb8 20. Qb1 Qd6 21. Rfe1 Qf4 22. Kf1 Rxe1+ 23. Rxe1 Rxe1+ 24. Qxe1 Ne4 25. Bc1 Qf6 26. Be3 Bc7 27. Kg1 Qd6 28. b4 Nd8 29. Nc5 f6 30. Kf1 Qc6 31. Nh4 Kf7 32. Nf5 Nd6 1/2-1/2

[Event "GER-chT Federal Cup (Women)"]
[Site "Braunfels"]
[Date "2010.06.05"]
[Round "4"]
[White "Alt, Barbara"]
[Black "Velina, Valeria"]
[Result "0-1"]
[WhiteElo "1182"]
[BlackElo "1776"]
[PlyCount "52"]
[EventDate "2010.06.03"]
[EventType "team-swiss"]
[EventRounds "5"]
[EventCountry "GER"]
[SourceTitle "CBM 136 Extra"]
[Source "ChessBase"]
[SourceDate "2010.07.02"]
[SourceVersion "2"]
[SourceVersionDate "2010.07.15"]
[SourceQuality "1"]

1. e4 d5 2. exd5 Qxd5 3. Nc3 Qd6 4. Nf3 Nf6 5. d4 c6 6. g3 Bf5 7. Bf4 Qb4 8. Bd2 Nbd7 9. Bg2 Qb6 10. 0-0 e6 11. Re1 Be7 12. Bf4 0-0 13. Ne5 Rfe8 14. Nxd7 Nxd7 15. Be4 Bxe4 16. Nxe4 Nf6 17. b3 Rad8 18. Be5 Nxe4 19. Rxe4 f6 20. Qg4 fxe5 21. Qxe6+ Kf8 22. Qf5+ Kg8 23. Qe6+ Kh8 24. Rxe5 Qxd4 25. Re4 Qxa1+ 26. Kg2 Qf6 0-1